Data analytics with R (Record no. 241079)
[ view plain ]
| 000 -LEADER | |
|---|---|
| fixed length control field | 01328nam a22002297a 4500 |
| 005 - DATE AND TIME OF LATEST TRANSACTION | |
| control field | 20260327160630.0 |
| 008 - FIXED-LENGTH DATA ELEMENTS--GENERAL INFORMATION | |
| fixed length control field | 260327b |||||||| |||| 00| 0 eng d |
| 020 ## - INTERNATIONAL STANDARD BOOK NUMBER | |
| International Standard Book Number | 9788126576463 |
| 040 ## - CATALOGING SOURCE | |
| Transcribing agency | AL |
| 041 ## - LANGUAGE CODE | |
| Language code of text/sound track or separate title | eng |
| 082 ## - DEWEY DECIMAL CLASSIFICATION NUMBER | |
| Classification number | 005.133 |
| Item number | MOTD |
| 100 ## - MAIN ENTRY--PERSONAL NAME | |
| Personal name | Bharti Motwani |
| 100 ## - MAIN ENTRY--PERSONAL NAME | |
| 9 (RLIN) | 259664 |
| 245 ## - TITLE STATEMENT | |
| Title | Data analytics with R |
| 260 ## - PUBLICATION, DISTRIBUTION, ETC. | |
| Place of publication, distribution, etc. | New Delhi |
| Name of publisher, distributor, etc. | Wiley |
| Date of publication, distribution, etc. | 2023 |
| 300 ## - PHYSICAL DESCRIPTION | |
| Extent | xvii,646p |
| Other physical details | PB |
| Dimensions | 23.5x18cm |
| 365 ## - TRADE PRICE | |
| Source of price type code | Information Science and Engineering |
| Price type code | VBI-2645 |
| Price amount | ₹666.75 |
| Currency code | ₹ |
| Unit of pricing | ₹889.00 |
| Price note | 25% |
| Price effective from | 20-02-2026 |
| 520 ## - SUMMARY, ETC. | |
| Summary, etc. | Data analysis is the method of examining, cleansing, and modelling with the objective of determining useful information for effective decision-making and operations. It includes diverse techniques and tools and plays a major role in different business, Science and Social Science areas. R software provides numerous functions and packages for using different techniques for producing desired outcome. Data analytics with R will enable readers gain sufficient knowledge and experience to perform analysis using different analytical tools available in R. Each Chapter begins with a number of important and interesting examples taken from a variety of sectors.<br/> |
| 650 ## - SUBJECT ADDED ENTRY--TOPICAL TERM | |
| Topical term or geographic name entry element | Programming in R |
| 9 (RLIN) | 259665 |
| 650 ## - SUBJECT ADDED ENTRY--TOPICAL TERM | |
| Topical term or geographic name entry element | Machine Learning |
| 9 (RLIN) | 259666 |
| 650 ## - SUBJECT ADDED ENTRY--TOPICAL TERM | |
| Topical term or geographic name entry element | Statistical Analysis |
| 9 (RLIN) | 259667 |
| 942 ## - ADDED ENTRY ELEMENTS (KOHA) | |
| Source of classification or shelving scheme | Dewey Decimal Classification |
| Koha item type | Book |
| Withdrawn status | Lost status | Source of classification or shelving scheme | Damaged status | Not for loan | Collection code | Home library | Current library | Date acquired | Source of acquisition | Cost, normal purchase price | Total Checkouts | Full call number | Barcode | Date last seen | Cost, replacement price | Price effective from | Koha item type |
|---|---|---|---|---|---|---|---|---|---|---|---|---|---|---|---|---|---|
| Dewey Decimal Classification | Information Science and Engineering | St Aloysius Engineering Library | St Aloysius Engineering Library | 03/21/2026 | Vidyathri Books, Bengaluru-560076 | 666.75 | 005.133 MOTD | SE000337 | 03/27/2026 | 889.00 | 02/20/2026 | Book |